[Event "Bucaramanga Santander-ch"]
[Site "Bucaramanga"]
[Date "2023.03.31"]
[Round "2"]
[White "Munoz, Alvaro E"]
[Black "Peinado, Edwin Halley"]
[Result "0-1"]
[WhiteElo "1709"]
[BlackElo "2180"]
[PlyCount "50"]
[EventDate "2023.03.31"]
[EventType "swiss"]
[EventRounds "7"]
[EventCountry "COL"]
[SourceTitle "CBM 213 Extra"]
[Source "ChessBase"]
[SourceDate "2023.05.31"]
[SourceVersion "1"]
[SourceVersionDate "2023.05.31"]
[SourceQuality "1"]

1. d4 d5 2. Nf3 Nf6 3. Bf4 e6 4. e3 Bd6 5. Bg3 Ne4 6. Nbd2 Nxg3 7. hxg3 Nd7 8. Bd3 h6 9. e4 dxe4 10. Nxe4 Nf6 11. Qe2 Qe7 12. 0-0-0 Bd7 13. Ne5 Bxe5 14. dxe5 Nxe4 15. Bxe4 0-0-0 16. Qf3 c6 17. Rd3 Kb8 18. Qe3 Bc8 19. Ra3 c5 20. Rb3 Qc7 21. f4 Rd7 22. a4 Rhd8 23. Rb5 Rd4 24. Kb1 a6 25. c3 Rxe4 0-1

[Event "Bucaramanga op"]
[Site "Bucaramanga"]
[Date "2022.12.18"]
[Round "6"]
[White "Peinado, Edwin Halley"]
[Black "Sequeda Hernandez, Daniel Arturo"]
[Result "1-0"]
[WhiteElo "2180"]
[BlackElo "1262"]
[PlyCount "59"]
[EventDate "2022.12.16"]
[EventType "swiss"]
[EventRounds "7"]
[EventCountry "COL"]
[SourceTitle "EXT 2024"]
[Source "ChessBase"]
[SourceDate "2023.10.10"]
[SourceVersion "1"]
[SourceVersionDate "2023.10.10"]
[SourceQuality "1"]

1. e4 e5 2. Bc4 d6 3. Ne2 Be6 4. Bxe6 fxe6 5. d4 Nc6 6. 0-0 Nf6 7. Bg5 Be7 8. Nbc3 Nxe4 9. Nxe4 Bxg5 10. d5 exd5 11. Qxd5 Bf6 12. f4 Qe7 13. Rae1 0-0-0 14. N2c3 Rhe8 15. b4 Nxb4 16. Qa5 Nc6 17. Qa4 exf4 18. Nd5 Bd4+ 19. Kh1 Qxe4 20. Rxe4 Rxe4 21. c3 Rde8 22. cxd4 Rxd4 23. Qb3 Na5 24. Qb5 Re5 25. Qxa5 Rexd5 26. Qxa7 Rd1 27. Kg1 Rxf1+ 28. Kxf1 b6 29. Qa8+ Kd7 30. Qxd5 1-0

[Event "COL-chT Blitz"]
[Site "Santander"]
[Date "2022.09.10"]
[Round "6.4"]
[White "Peinado, Edwin Halley"]
[Black "Garcia, Juan Manuel"]
[Result "1-0"]
[WhiteElo "2024"]
[BlackElo "1847"]
[PlyCount "23"]
[EventDate "2022.09.10"]
[EventType "team-swiss (blitz)"]
[EventRounds "9"]
[EventCountry "COL"]
[SourceTitle "EXT 2023"]
[Source "ChessBase"]
[SourceDate "2022.10.05"]
[SourceVersion "1"]
[SourceVersionDate "2022.10.05"]
[SourceQuality "1"]
[WhiteTeam "Santander"]
[BlackTeam "Cundinamarca II"]
[WhiteTeamCountry "COL"]
[BlackTeamCountry "COL"]

1. e4 e5 2. Nc3 Nc6 3. Nf3 Bc5 4. Bc4 Nf6 5. d3 d6 6. h3 h6 7. 0-0 a6 8. a3 Ba7 9. b4 0-0 10. Bb2 Nd4 11. Nxd4 Bxd4 12. Rb1 1-0

[Event "COL-chT"]
[Site "Bucaramanga"]
[Date "2022.09.07"]
[Round "3.2"]
[White "Pertuz Mercado, Manuel Jose"]
[Black "Peinado, Edwin Halley"]
[Result "0-1"]
[WhiteElo "1843"]
[BlackElo "2168"]
[PlyCount "100"]
[EventDate "2022.09.06"]
[EventType "team-swiss"]
[EventRounds "7"]
[EventCountry "COL"]
[SourceTitle "CBM 210 Extra"]
[Source "ChessBase"]
[SourceDate "2022.11.30"]
[SourceVersion "1"]
[SourceVersionDate "2022.11.30"]
[SourceQuality "1"]
[WhiteTeam "Santander Norgtech"]
[BlackTeam "Santander"]
[WhiteTeamCountry "COL"]
[BlackTeamCountry "COL"]

1. e4 c5 2. Nf3 Nc6 3. d4 cxd4 4. Nxd4 e5 5. Nb3 Nf6 6. Nc3 Bb4 7. Bd3 Bxc3+ 8. bxc3 d5 9. Bg5 dxe4 10. Bxf6 Qxf6 11. Bxe4 0-0 12. 0-0 Bf5 13. Qe2 Bxe4 14. Qxe4 Qe7 15. Rfd1 Kh8 16. Rd3 f5 17. Qc4 e4 18. Re3 Ne5 19. Qc5 Qf6 20. h3 Rfc8 21. Qb4 Nc4 22. Re2 b6 23. Nd4 Ne5 24. Rb1 Rc4 25. Qa3 g6 26. Rb4 Rc5 27. Ra4 a5 28. Qb3 Rac8 29. Re3 Nc4 30. Re2 Qe5 31. Rxc4 Rxc4 32. Nb5 a4 33. Qb2 R8c5 34. Na3 Rxc3 35. Nb1 R3c4 36. c3 b5 37. Qd2 Rd5 38. Qc2 Qd6 39. g3 Rd1+ 40. Kg2 Qd3 41. Qxd3 Rxd3 42. Rb2 Rc5 43. a3 Kg7 44. Kf1 Kf6 45. Ke2 Ke5 46. f4+ Kd6 47. Kf2 Kc6 48. Rc2 Rcd5 49. c4 bxc4 50. Rxc4+ Rc5 0-1

[Event "Medellin Flores op 20th"]
[Site "Medellin"]
[Date "2014.08.10"]
[Round "9"]
[White "Peinado, Edwin Halley"]
[Black "Ramirez, Benjamin Dario"]
[Result "1-0"]
[WhiteElo "2144"]
[BlackElo "2219"]
[PlyCount "43"]
[EventDate "2014.08.06"]
[EventType "swiss"]
[EventRounds "9"]
[EventCountry "COL"]
[SourceTitle "CBM 162 Extra"]
[Source "ChessBase"]
[SourceDate "2014.10.17"]
[SourceVersion "1"]
[SourceVersionDate "2014.10.17"]
[SourceQuality "1"]

1. d4 Nf6 2. Nf3 e6 3. g3 c5 4. e3 Nc6 5. Bg2 d5 6. 0-0 Bd6 7. a3 e5 8. dxe5 Nxe5 9. Nxe5 Bxe5 10. c4 dxc4 11. Qxd8+ Kxd8 12. f4 Bc7 13. Nd2 Ke7 14. Nxc4 Be6 15. Nd2 Rab8 16. e4 g6 17. f5 Bd7 18. Re1 Rhe8 19. fxg6 hxg6 20. Nc4 Kf8 21. Bg5 Bc6 22. Bxf6 1-0

[Event "Medellin Flores op 20th"]
[Site "Medellin"]
[Date "2014.08.09"]
[Round "6"]
[White "Zapata Cuartas, Juan Carlos"]
[Black "Peinado, Edwin Halley"]
[Result "1-0"]
[WhiteElo "2108"]
[BlackElo "2144"]
[PlyCount "57"]
[EventDate "2014.08.06"]
[EventType "swiss"]
[EventRounds "9"]
[EventCountry "COL"]
[SourceTitle "CBM 162 Extra"]
[Source "ChessBase"]
[SourceDate "2014.10.17"]
[SourceVersion "1"]
[SourceVersionDate "2014.10.17"]
[SourceQuality "1"]

1. d4 d5 2. c4 e6 3. Nc3 Nf6 4. Nf3 Be7 5. Bg5 0-0 6. e3 Nbd7 7. Rc1 a6 8. cxd5 exd5 9. Bd3 c6 10. 0-0 Re8 11. Qc2 h6 12. Bf4 Nh5 13. Nxd5 Nxf4 14. Nxf4 Bd6 15. Rfe1 Nf6 16. Qb3 Bxf4 17. exf4 Rxe1+ 18. Rxe1 b5 19. f5 Nd5 20. Ne5 Qf6 21. Ng4 Qxd4 22. Re8+ Kh7 23. Ne5 Bb7 24. f6+ g6 25. Bxg6+ fxg6 26. Re7+ Kg8 27. Rg7+ Kf8 28. Nxg6+ Ke8 29. f7+ 1-0

[Event "Medellin Flores op 20th"]
[Site "Medellin"]
[Date "2014.08.08"]
[Round "5"]
[White "Peinado, Edwin Halley"]
[Black "Narvaez Ramirez, Faber Alberto"]
[Result "1-0"]
[WhiteElo "2144"]
[BlackElo "2107"]
[PlyCount "76"]
[EventDate "2014.08.06"]
[EventType "swiss"]
[EventRounds "9"]
[EventCountry "COL"]
[SourceTitle "CBM 162 Extra"]
[Source "ChessBase"]
[SourceDate "2014.10.17"]
[SourceVersion "1"]
[SourceVersionDate "2014.10.17"]
[SourceQuality "1"]

1. e4 c5 2. Nc3 Nc6 3. f4 d6 4. Nf3 g6 5. Bb5 Bg7 6. 0-0 Bd7 7. Bxc6 bxc6 8. d3 Rb8 9. Qe1 Nh6 10. h3 0-0 11. f5 f6 12. Qg3 Qe8 13. Qh4 g5 14. Nxg5 fxg5 15. Bxg5 Nf7 16. Bxe7 Bd4+ 17. Kh1 h6 18. Ne2 Be5 19. Nf4 Kh7 20. Bxf8 Qxf8 21. Ng6 Qd8 22. Qxd8 Rxd8 23. Nxe5 Nxe5 24. g4 Kg7 25. Kh2 Kf6 26. Kg3 Rg8 27. Kf4 d5 28. Rg1 d4 29. h4 Nf7 30. e5+ Ke7 31. e6 Bxe6 32. fxe6 Kxe6 33. Rae1+ Kf6 34. Re4 Nd6 35. g5+ hxg5+ 36. hxg5+ Kf7 37. Re5 c4 38. Rge1 Rb8 1-0

[Event "San Antonio del Tachira op"]
[Site "San Antonio del Tachira"]
[Date "2013.12.21"]
[Round "5"]
[White "Zavarce Sayago, Oscar Enrique"]
[Black "Peinado, Edwin Halley"]
[Result "1/2-1/2"]
[WhiteElo "2210"]
[BlackElo "2121"]
[PlyCount "82"]
[EventDate "2013.12.19"]
[EventType "swiss"]
[EventRounds "7"]
[EventCountry "VEN"]
[SourceTitle "CBM 158 Extra"]
[Source "ChessBase"]
[SourceDate "2014.02.28"]
[SourceVersion "1"]
[SourceVersionDate "2014.02.28"]
[SourceQuality "1"]

1. e4 c6 2. c4 d5 3. exd5 cxd5 4. cxd5 Qxd5 5. Nc3 Qd8 6. Nf3 Nf6 7. d4 e6 8. Bd3 Nc6 9. 0-0 Be7 10. Bg5 0-0 11. Rc1 Nb4 12. Bb1 b6 13. a3 Nbd5 14. Qd3 g6 15. Ne5 Bb7 16. Rfe1 Nxc3 17. bxc3 Nd5 18. Bh6 Bg5 19. Bxf8 Bxc1 20. Qf3 Bf4 21. Bh6 Qh4 22. Bxf4 Qxf4 23. Be4 Qxf3 24. Bxf3 Rb8 25. c4 Nf6 26. Nc6 Bxc6 27. Bxc6 Rc8 28. Bb5 Rd8 29. Rd1 Ne4 30. Rd3 Nc5 31. Rd1 Ne4 32. Kf1 Nc3 33. Rd2 Nxb5 34. cxb5 Kf8 35. Ke2 Ke7 36. a4 Rc8 37. Ra2 Rc4 38. Kd3 Rb4 39. Kc3 Rb1 40. Rc2 Kd6 41. Kc4 Kd7 1/2-1/2

[Event "Bogota McGregor op 4th"]
[Site "Bogota"]
[Date "2013.12.04"]
[Round "1"]
[White "Cuellar, Jose Gabriel"]
[Black "Peinado, Edwin Halley"]
[Result "0-1"]
[WhiteElo "1733"]
[BlackElo "2121"]
[PlyCount "46"]
[EventDate "2013.12.04"]
[EventType "swiss"]
[EventRounds "9"]
[EventCountry "COL"]
[SourceTitle "CBM 157 Extra"]
[Source "ChessBase"]
[SourceDate "2013.12.19"]
[SourceVersion "1"]
[SourceVersionDate "2013.12.19"]
[SourceQuality "1"]

1. d4 d5 2. Nf3 Nf6 3. Bf4 e6 4. e3 Nbd7 5. c3 c5 6. Bd3 Qb6 7. b3 Bd6 8. Bxd6 Qxd6 9. 0-0 0-0 10. Qc2 e5 11. dxe5 Nxe5 12. Nxe5 Qxe5 13. Nd2 Qh5 14. f3 Re8 15. Rae1 Qg5 16. f4 Qh5 17. Nf3 b6 18. Ne5 Ng4 19. Nxg4 Bxg4 20. e4 c4 21. bxc4 dxc4 22. Bxc4 Qc5+ 23. Kh1 Qxc4 0-1

[Event "Santander UDI Cup"]
[Site "Santander"]
[Date "2013.05.31"]
[Round "2"]
[White "Peinado, Edwin Halley"]
[Black "Dabraccio, Guillermo"]
[Result "1-0"]
[WhiteElo "2118"]
[BlackElo "1744"]
[PlyCount "75"]
[EventDate "2013.05.31"]
[EventType "swiss"]
[EventRounds "8"]
[EventCountry "COL"]
[SourceTitle "CBM 154 Extra"]
[Source "ChessBase"]
[SourceDate "2013.06.25"]
[SourceVersion "2"]
[SourceVersionDate "2013.06.25"]
[SourceQuality "1"]

1. d4 d5 2. c4 c6 3. e3 Nf6 4. Nc3 Bf5 5. Qb3 Qb6 6. Qxb6 axb6 7. cxd5 cxd5 8. Bb5+ Bd7 9. Nf3 e6 10. 0-0 Be7 11. Ne5 Bxb5 12. Nxb5 Na6 13. f3 Nd7 14. Nd3 0-0 15. Bd2 Rfc8 16. Rfc1 Kf8 17. e4 dxe4 18. fxe4 Nf6 19. e5 Nd5 20. a3 Ke8 21. Nf2 Nac7 22. Nxc7+ Rxc7 23. Rxc7 Nxc7 24. Ne4 Nd5 25. Nc3 Kd7 26. Nxd5 exd5 27. Kf2 Rc8 28. Bc3 b5 29. Ke3 Rc4 30. Kd3 b6 31. Re1 Ke6 32. g4 h6 33. Rg1 Rc8 34. Rf1 g5 35. Rf3 Rf8 36. Bb4 Bxb4 37. Rf6+ Ke7 38. axb4 1-0

[Event "Santander-ch"]
[Site "Santander"]
[Date "2012.02.11"]
[Round "8"]
[White "Peinado, Edwin Halley"]
[Black "Ruiz Aguilar, Pablo Alexander"]
[Result "0-1"]
[WhiteElo "2140"]
[BlackElo "2299"]
[PlyCount "126"]
[EventDate "2012.02.03"]
[EventType "tourn"]
[EventRounds "11"]
[EventCountry "COL"]
[SourceTitle "CBM 147 Extra"]
[Source "ChessBase"]
[SourceDate "2012.04.24"]
[SourceVersion "1"]
[SourceVersionDate "2012.04.24"]
[SourceQuality "1"]

1. d4 d5 2. c4 c6 3. Nc3 Nf6 4. Nf3 e6 5. cxd5 exd5 6. Bg5 Be7 7. e3 0-0 8. Bd3 Nbd7 9. 0-0 Re8 10. Rb1 Ne4 11. Bf4 f5 12. Ne5 Nxe5 13. Bxe5 Bd6 14. f4 Re6 15. Bxe4 fxe4 16. b4 a6 17. a4 Rh6 18. Bxd6 Qxd6 19. a5 Qe7 20. Rb2 Qh4 21. g3 Qh3 22. Qd2 Bg4 23. Qg2 Qxg2+ 24. Kxg2 Bh3+ 25. Kg1 Bxf1 26. Kxf1 Kf7 27. Na4 Re8 28. Kg2 Re7 29. g4 Rg6 30. h3 Rf6 31. Kg3 g5 32. Nc5 Kg7 33. Rf2 Ref7 34. f5 Rh6 35. Rc2 Re7 36. Rc1 Kf6 37. Rf1 Kf7 38. Rh1 Rh4 39. Rf1 Kf6 40. Ne6 h5 41. Nxg5 Kxg5 42. f6 Rxh3+ 43. Kxh3 hxg4+ 44. Kg3 Rf7 45. Rf4 Rxf6 46. Rxf6 Kxf6 47. Kxg4 Kg6 48. Kh4 Kf5 49. Kh5 Ke6 50. Kg5 Kd7 51. Kf5 b6 52. axb6 Kc8 53. Ke6 Kb7 54. Kd6 Kxb6 55. Kd7 Kb5 56. Kd6 Kxb4 57. Kxc6 a5 58. Kxd5 a4 59. Kxe4 a3 60. Kd5 a2 61. e4 a1Q 62. e5 Qa8+ 63. Kd6 Qd8+ 0-1

[Event "Santander-ch"]
[Site "Santander"]
[Date "2012.02.03"]
[Round "1"]
[White "Peinado, Edwin Halley"]
[Black "Herrera Perez, Martin Steven"]
[Result "1/2-1/2"]
[WhiteElo "2140"]
[BlackElo "1958"]
[PlyCount "78"]
[EventDate "2012.02.03"]
[EventType "tourn"]
[EventRounds "11"]
[EventCountry "COL"]
[SourceTitle "CBM 147 Extra"]
[Source "ChessBase"]
[SourceDate "2012.04.24"]
[SourceVersion "1"]
[SourceVersionDate "2012.04.24"]
[SourceQuality "1"]

1. Nf3 c5 2. c4 Nf6 3. g3 b6 4. Bg2 Bb7 5. Nc3 e6 6. 0-0 Be7 7. d4 cxd4 8. Qxd4 d6 9. b3 a6 10. Bb2 Nbd7 11. Rfd1 Qc7 12. Rac1 0-0 13. h3 Rfd8 14. g4 Ne5 15. Nxe5 dxe5 16. Qe3 Bxg2 17. Kxg2 Rxd1 18. Rxd1 Rd8 19. Rxd8+ Bxd8 20. Qd3 Be7 21. f3 Nd7 22. Ne4 Qc6 23. a3 a5 24. Qc3 f6 25. b4 axb4 26. axb4 Qa4 27. Ba3 Qd1 28. Qd3 Qxd3 29. exd3 Kf7 30. Kf2 Nb8 31. Ke3 Ke8 32. Nc3 Nc6 33. b5 Bxa3 34. bxc6 Bc5+ 35. Ke4 Ke7 36. Nb5 g5 37. Nc7 Bf2 38. Nb5 Bc5 39. Nc7 Bf2 1/2-1/2

[Event "Santander op"]
[Site "Santander"]
[Date "2011.12.18"]
[Round "2"]
[White "Castillo, Arcenover"]
[Black "Peinado, Edwin Halley"]
[Result "0-1"]
[WhiteElo "1859"]
[BlackElo "2094"]
[PlyCount "56"]
[EventDate "2011.12.17"]
[EventType "swiss"]
[EventRounds "9"]
[EventCountry "COL"]
[SourceTitle "CBM 146 Extra"]
[Source "ChessBase"]
[SourceDate "2012.02.29"]
[SourceVersion "1"]
[SourceVersionDate "2012.02.29"]
[SourceQuality "1"]

1. e4 c6 2. d4 d5 3. exd5 cxd5 4. Bd3 Nc6 5. Ne2 Nf6 6. 0-0 Bg4 7. f3 Bh5 8. Be3 e6 9. c3 Bd6 10. Ng3 Bg6 11. Re1 Qc7 12. Nf1 0-0 13. g4 e5 14. Bxg6 hxg6 15. Nbd2 Rfe8 16. Rc1 e4 17. Qe2 Re7 18. fxe4 Nxe4 19. Qg2 Rae8 20. Nxe4 Rxe4 21. Re2 f5 22. gxf5 gxf5 23. Ng3 Bxg3 24. hxg3 Rxe3 25. Qxd5+ Qf7 26. Qxf7+ Kxf7 27. Rxe3 Rxe3 28. Kf2 Re4 0-1

[Event "Santander Region-ch"]
[Site "Bucaramanga"]
[Date "2010.12.18"]
[Round "2.1"]
[White "Peinado, Edwin Halley"]
[Black "Acosta Cruz, Luis Ivan"]
[Result "1-0"]
[WhiteElo "2089"]
[BlackElo "1818"]
[PlyCount "79"]
[EventDate "2010.12.17"]
[EventType "swiss"]
[EventRounds "8"]
[EventCountry "COL"]
[SourceTitle "EXT 2024"]
[Source "ChessBase"]
[SourceDate "2023.10.10"]
[SourceVersion "1"]
[SourceVersionDate "2023.10.10"]
[SourceQuality "1"]

1. d4 Nf6 2. Nf3 g6 3. c4 c5 4. d5 e6 5. Nc3 exd5 6. cxd5 d6 7. e4 Bg7 8. Bd3 0-0 9. 0-0 a6 10. a4 Qc7 11. h3 Nbd7 12. a5 Re8 13. Bf4 Nh5 14. Bh2 c4 15. Bc2 Ne5 16. Nxe5 Bxe5 17. Bxe5 Rxe5 18. f4 Re7 19. Qd4 Bd7 20. f5 gxf5 21. Qd1 Ng7 22. exf5 f6 23. Ne4 Rf8 24. Qd4 Re5 25. g4 Kf7 26. Rf3 Rg8 27. Kf2 h5 28. Rc3 Bb5 29. b3 hxg4 30. hxg4 Ne8 31. bxc4 Bd7 32. c5 dxc5 33. Rxc5 Rxe4 34. Rxc7 Rxd4 35. Rxd7+ Kf8 36. Bd1 Rb4 37. Bf3 Rh8 38. Re1 Rh2+ 39. Kg3 Ra2 40. Rd8 1-0

[Event "Santander Region-ch"]
[Site "Bucaramanga"]
[Date "2010.12.18"]
[Round "3.1"]
[White "Ruiz Aguilar, Pablo Alexander"]
[Black "Peinado, Edwin Halley"]
[Result "1/2-1/2"]
[WhiteElo "2306"]
[BlackElo "2089"]
[PlyCount "36"]
[EventDate "2010.12.17"]
[EventType "swiss"]
[EventRounds "8"]
[EventCountry "COL"]
[SourceTitle "EXT 2024"]
[Source "ChessBase"]
[SourceDate "2023.10.10"]
[SourceVersion "1"]
[SourceVersionDate "2023.10.10"]
[SourceQuality "1"]

1. e4 c6 2. d4 d5 3. exd5 cxd5 4. c4 Nf6 5. Nc3 e6 6. Nf3 Bb4 7. Bd3 dxc4 8. Bxc4 0-0 9. 0-0 b6 10. a3 Bxc3 11. bxc3 Bb7 12. a4 Qc7 13. Qe2 Nbd7 14. Ra3 Ng4 15. g3 Bxf3 16. Qxf3 Nxh2 17. Kxh2 Qxc4 18. Rh1 Nf6 1/2-1/2

[Event "Charala op"]
[Site "Charala"]
[Date "2010.07.17"]
[Round "1"]
[White "Peinado, Edwin Halley"]
[Black "Pena, Carlos"]
[Result "1-0"]
[WhiteElo "2122"]
[BlackElo "2048"]
[PlyCount "73"]
[EventDate "2010.07.17"]
[EventType "swiss"]
[EventRounds "8"]
[EventCountry "COL"]
[SourceTitle "CBM 137 Extra"]
[Source "ChessBase"]
[SourceDate "2010.09.01"]
[SourceVersion "1"]
[SourceVersionDate "2010.09.01"]
[SourceQuality "1"]

1. c4 Nf6 2. d4 d6 3. Nc3 c6 4. e4 g6 5. Bd3 e5 6. dxe5 dxe5 7. Nf3 Bg4 8. Bg5 Bg7 9. h3 Bxf3 10. Qxf3 Nbd7 11. 0-0 0-0 12. Rfd1 Qc7 13. b4 a5 14. b5 h6 15. Bh4 g5 16. Bg3 a4 17. h4 g4 18. Qf5 Qd6 19. Be2 Qe6 20. Bxg4 Qxc4 21. bxc6 bxc6 22. Rac1 Nc5 23. Nd5 Qxe4 24. Nxf6+ Bxf6 25. Rxc5 Qxf5 26. Bxf5 Rad8 27. Bd7 Rfe8 28. Rxc6 Bg7 29. Rcd6 Bf8 30. R6d5 Re7 31. Bxa4 Ra8 32. Bb3 Bg7 33. Rd7 Kf8 34. Rd8+ Re8 35. Rxa8 Rxa8 36. Rd7 f5 37. Rf7+ 1-0